Návrh kontinuálneho granulátora liečiv

Na minha lista:
Detalhes bibliográficos
Autor principal: Hrbáň, Martin (Author)
Outros Autores: Macho, Oliver (Thesis advisor)
Formato: Manuscrito Livro
Idioma:eslovaco
Publicado em: 2019
Assuntos:
Acesso em linha:http://is.stuba.sk/zp/portal_zp.pl?podrobnosti=145235
Tags: Adicionar Tag
Sem tags, seja o primeiro a adicionar uma tag!

MARC

LEADER 00000ntm a22000003a 4500
001 stuzp75330
003 SK-STU
005 20190608213437.1
007 ta
008 150427s2015----xo-----f-mn---000-0-slo-d
040 |a STU  |b slo 
041 0 |a slo 
100 1 |a Hrbáň, Martin  |u 020040  |k Z4  |4 aut  |U SjF Strojnícka fakulta  |T SjF Ústav procesného inžinierstva  |X 76314  |U J0040  |Y 807  |7 76314 
242 0 1 |a Design of continuous drugs granulator  |y eng 
245 1 0 |a Návrh kontinuálneho granulátora liečiv 
260 |c 2019 
650 4 |a granulácia  |2 slo 
650 4 |a práškové materiály  |2 slo 
650 4 |a tabletovanie  |2 slo 
650 4 |a granulation  |2 eng 
650 4 |a powders  |2 eng 
650 4 |a tabletting  |2 eng 
700 1 |a Macho, Oliver  |u 020040  |k Z2  |4 ths  |U SjF Strojnícka fakulta  |T SjF Ústav procesného inžinierstva  |X 68426  |U J0040  |Y 807  |7 A000068426 
856 4 |u http://is.stuba.sk/zp/portal_zp.pl?podrobnosti=145235 
996 |b 284J045985  |c J* 3095/DDP  |l JJSK  |s A  |a 24  |w stuzp75330_0001